MARC details
| 000 -CABECERA |
| campo de control de longitud fija |
01046nam a2200229 a 4500 |
| 001 - NÚMERO DE CONTROL |
| campo de control |
000010861 |
| 005 - FECHA Y HORA DE LA ÚLTIMA TRANSACCIÓN |
| campo de control |
20200929162316.0 |
| 008 - DATOS DE LONGITUD FIJA--INFORMACIÓN GENERAL |
| campo de control de longitud fija |
091012s1976 dr abd 000 0 spa d |
| 040 ## - FUENTE DE LA CATALOGACIÓN |
| Centro catalogador/agencia de origen |
DO-SdBNP |
| Lengua de catalogación |
spa |
| Centro/agencia transcriptor |
BNPHU |
| 082 ## - NÚMERO DE LA CLASIFICACIÓN DECIMAL DEWEY |
| Número de clasificación |
333.7097293 |
| Número de documento/Ítem |
C471r |
| 100 1# - ENTRADA PRINCIPAL--NOMBRE DE PERSONA |
| Nombre de persona |
Chardon, Carlos E., |
| Fechas asociadas al nombre |
1897- |
| 9 (RLIN) |
26196 |
| 245 10 - MENCIÓN DE TÍTULO |
| Título |
Reconocimiento de los recursos naturales de la República Dominicana : |
| Resto del título |
informe presentado al presidente de la República generalísimo doctor Rafael L. Trujillo Molina / |
| Mención de responsabilidad, etc. |
Carlos E. Charon. |
| 260 ## - PUBLICACIÓN, DISTRIBUCIÓN, ETC. |
| Lugar de publicación, distribución, etc. |
Santo Domingo : |
| Nombre del editor, distribuidor, etc. |
Editora de Santo Domingo, |
| Fecha de publicación, distribución, etc. |
1976. |
| 300 ## - DESCRIPCIÓN FÍSICA |
| Extensión |
303 p. : |
| Otras características físicas |
il., gráfcs., mapas. ; |
| Dimensiones |
24 cm. |
| 490 1# - MENCIÓN DE SERIE |
| Mención de serie |
Sociedad Dominicana de Bibliófilos |
| -- |
Cultura dominicana, |
| Designación de volumen o secuencia |
14 |
| 500 ## - NOTA GENERAL |
| Nota general |
Incluye referencias bibliográficas y notas al pie de las páginas. |
| 504 ## - NOTA DE BIBLIOGRAFÍA, ETC. |
| Nota de bibliografía, etc. |
Bibliografía: p. 303 |
| 590 ## - NOTA LOCAL (RLIN) |
| Nota local |
Inventariado, 2018/MFF |
| 650 #4 - PUNTO DE ACCESO ADICIONAL DE MATERIA--TÉRMINO DE MATERIA |
| Término de materia o nombre geográfico como elemento de entrada |
Recursos naturales |
| Subdivisión geográfica |
República Dominicana |
| 9 (RLIN) |
1560 |
| 830 #0 - PUNTO DE ACCESO ADICIONAL DE SERIE-TÍTULO UNIFORME |
| Título uniforme |
Sociedad Dominicana de Bibliófilos |
| Nombre de parte o sección de la obra |
Cultura dominicana, |
| Número de parte o sección de la obra |
14 |
| 9 (RLIN) |
26197 |
| 910 ## - DATOS DE OPCIÓN DEL USUARIO (OCLC) |
| Datos de opción del usuario |
Validado. Control de calidad MFF |